Countries of the world according to Worldometer - Statistics

General Stats
  • This quiz has been taken 12 times
    10 since last reset
  • The average score is 105 of 197
Answers on the Map
Answers color-coded by a green-red scale on the quiz's map according to % correct below.
 
Answer Stats
Answer % Correct
United States
86%
Afghanistan
71%
Canada
71%
India
71%
Kazakhstan
71%
Kyrgyzstan
71%
Maldives
71%
Nepal
71%
Pakistan
71%
Sri Lanka
71%
Tajikistan
71%
Uzbekistan
71%
Albania
57%
Algeria
57%
Andorra
57%
Argentina
57%
Australia
57%
Austria
57%
Bangladesh
57%
Belarus
57%
Belgium
57%
Belize
57%
Bhutan
57%
Bolivia
57%
Botswana
57%
Brazil
57%
Bulgaria
57%
Cambodia
57%
Cameroon
57%
Chile
57%
China
57%
Colombia
57%
Costa Rica
57%
Croatia
57%
Cuba
57%
Cyprus
57%
Democratic Republic of the Congo
57%
Denmark
57%
Dominica
57%
Dominican Republic
57%
Ecuador
57%
Egypt
57%
El Salvador
57%
Equatorial Guinea
57%
Estonia
57%
Finland
57%
France
57%
Germany
57%
Greece
57%
Grenada
57%
Guatemala
57%
Guinea
57%
Guyana
57%
Haiti
57%
Honduras
57%
Hungary
57%
Iceland
57%
Indonesia
57%
Iran
57%
Iraq
57%
Ireland
57%
Israel
57%
Italy
57%
Jamaica
57%
Japan
57%
Jordan
57%
Kenya
57%
Kuwait
57%
Laos
57%
Latvia
57%
Lebanon
57%
Liberia
57%
Libya
57%
Lithuania
57%
Madagascar
57%
Malaysia
57%
Mali
57%
Malta
57%
Mexico
57%
Micronesia
57%
Moldova
57%
Monaco
57%
Mongolia
57%
Montenegro
57%
Morocco
57%
Mozambique
57%
Myanmar
57%
Netherlands
57%
New Zealand
57%
Nicaragua
57%
Niger
57%
Nigeria
57%
North Korea
57%
North Macedonia
57%
Norway
57%
Oman
57%
Panama
57%
Papua New Guinea
57%
Paraguay
57%
Peru
57%
Philippines
57%
Poland
57%
Portugal
57%
Qatar
57%
Romania
57%
Russia
57%
Rwanda
57%
Samoa
57%
Saudi Arabia
57%
Senegal
57%
Serbia
57%
Sierra Leone
57%
Singapore
57%
Slovakia
57%
Slovenia
57%
South Africa
57%
South Korea
57%
South Sudan
57%
Spain
57%
Sudan
57%
Suriname
57%
Sweden
57%
Switzerland
57%
Syria
57%
Thailand
57%
Togo
57%
Trinidad and Tobago
57%
Turkey
57%
Turkmenistan
57%
Ukraine
57%
United Arab Emirates
57%
United Kingdom
57%
Uruguay
57%
Venezuela
57%
Vietnam
57%
Yemen
57%
Zimbabwe
57%
Angola
43%
Antigua and Barbuda
43%
Armenia
43%
Azerbaijan
43%
Bahrain
43%
Barbados
43%
Benin
43%
Bosnia and Herzegovina
43%
Burkina Faso
43%
Burundi
43%
Cabo Verde
43%
Central African Republic
43%
Chad
43%
Comoros
43%
Côte d'Ivoire
43%
Czechia
43%
Djibouti
43%
Eritrea
43%
Eswatini
43%
Ethiopia
43%
Fiji
43%
Gabon
43%
Georgia
43%
Ghana
43%
Guinea Bissau
43%
Holy See
43%
Kiribati
43%
Liechtenstein
43%
Luxembourg
43%
Malawi
43%
Marshall Islands
43%
Mauritania
43%
Mauritius
43%
Namibia
43%
Nauru
43%
Palau
43%
Saint Kitts and Nevis
43%
Saint Lucia
43%
Saint Vincent and the Grenadines
43%
San Marino
43%
São Tomé and Principe
43%
Seychelles
43%
Solomon Islands
43%
Somalia
43%
Tanzania
43%
The Bahamas
43%
The Gambia
43%
Timor-Leste
43%
Tonga
43%
Tunisia
43%
Tuvalu
43%
Uganda
43%
Vanuatu
43%
Zambia
43%
Brunei Darussalam
29%
Congo-Brazzaville
29%
Lesotho
29%
Palestine State
14%
No matching quizzes found
Score Distribution
Percent of People with Each Score
Percentile by Number Answered
Your Score History
You have not taken this quiz since the last reset